=LDR 00000nam 2200000 4500 =001 INLIS000000000010624 =005 20130612102248 =008 ***********************************Ind** =035 ##$$0010-061300000010624 =041 ##$$a Ind =082 ##$$a 410.07 =090 ##$$a 410.07, Eff p =100 ##$$a EFFENDI, S =245 ##$$a Pedoman penyusunan laporan penelitian =260 ##$$a 2002 $b Jakarta =300 ##$$a viii, 55 hlm, ilus, 21 cm =650 ##$$a Bahasa Indonesia - Kajian dan Penelitian =850 ##$$a NBPNMAT